Society cancer / (Record no. 85908)

MARC details
000 -LEADER
fixed length control field 00684nam a22002177a 4500
005 - DATE AND TIME OF LATEST TRANSACTION
control field 20140820130152.0
010 ## - LCCN (DPL NO)
LC control number ENG-110304
020 ## - INTERNATIONAL STANDARD BOOK NUMBER
International Standard Book Number 9788172113223
Terms of availability 2100.00
020 ## - INTERNATIONAL STANDARD BOOK NUMBER
International Standard Book Number 8172113226
Terms of availability 2100.00
035 ## - SYSTEM CONTROL NUMBER
System control number EN-93836
037 ## - SOURCE OF ACQUISITION
Source of stock number/acquisition DBAD/PUB
082 ## - DEWEY DECIMAL CLASSIFICATION NUMBER
Classification number 362.196994
100 ## - MAIN ENTRY--PERSONAL NAME
Personal name Reetinder Kaur
245 ## - TITLE STATEMENT
Title Society cancer /
Statement of responsibility, etc by Reetinder Kaur [and] A.K.Sinha
260 ## - PUBLICATION, DISTRIBUTION, ETC. (IMPRINT)
Place of publication, distribution, etc New Delhi
Name of publisher, distributor, etc Northern Book Centre
Date of publication, distribution, etc 2014
270 ## - ADDRESS
Address 4221/1 Ansari Road ,Darya Ganj
City New Delhi
Postal code 110002
300 ## - PHYSICAL DESCRIPTION
Extent xxx,594p. :
Dimensions 23cm(Hb)
Other physical details maps,tables
500 ## - GENERAL NOTE
General note Includes bibliographical references and index
700 ## - ADDED ENTRY--PERSONAL NAME
Personal name Sinha,A.K.
942 ## - ADDED ENTRY ELEMENTS (KOHA)
Source of classification or shelving scheme Dewey Decimal Classification
Item type English Books
Call number suffix REE
Classification part 362.196994
Holdings
Withdrawn status Lost status Not for loan Collection code Home library Current library Date acquired Source of acquisition Cost, normal purchase price Full call number Barcode Copy number Cost, replacement price Koha item type
    Not For Loan Non-fiction D.B.Act.Division D.B.Act.Division 01/07/2014 DBAD/PUB 2100.00 362.196994 REE EN-93836 1 2100.00 English Books

© Delhi Public Library
Hit Counter
free hit counter